| 000 | 01490nam a2200385 a 4500 | ||
|---|---|---|---|
| 001 | 000111220 | ||
| 003 | CHAP | ||
| 005 | 20220329144203.0 | ||
| 008 | 150120s2014 mx a fsm |||||||spa d | ||
| 010 | _a107682 | ||
| 011 | _a108654 | ||
| 040 | _cCHAP | ||
| 090 | _aTesis | ||
| 100 | 1 |
_aMonjarás Vega, Gustavo Eduardo _9129089 |
|
| 245 | 1 | 0 |
_aPropuesta de producción integral _h[En línea] _bagrícola, pecuaria y acuícola para desarrollo sustentable en San Miguel Eloxochitlán, Puebla / _cpor Gustavo Eduardo Monjáras Vega y Juan Antonio Carrera Arriaga. |
| 260 |
_aChapingo, Méx. : _bEl autor, _c2014. |
||
| 500 | _aPara ver el contenido del material haga clic en la liga | ||
| 502 | _aTesis (Ing. Agr. Esp. en Fitotecnia) -- UACH. Departamento de Fitotecnia | ||
| 590 |
_aBATCH _b00 _c20181121 _lUCH01 _h0759 |
||
| 590 |
_aE11695DGD _b10 _c20150123 _lUCH01 _h1124 |
||
| 590 |
_aE6096MTM _b05 _c20150120 _lUCH01 _h1258 |
||
| 590 |
_aE6096MTM _b05 _c20150120 _lUCH01 _h1300 |
||
| 590 |
_aE6096MTM _b05 _c20150122 _lUCH01 _h0944 |
||
| 590 |
_aE6096MTM _b05 _c20150122 _lUCH01 _h1341 |
||
| 650 | 1 | 4 |
_aAcuicultura _xProducción _9777 |
| 650 | 1 | 4 |
_aCultivos _xRendimiento. _930318 |
| 650 | 1 | 4 |
_aDesarrollo sustentable _zPuebla. _9125861 |
| 650 | 1 | 4 |
_aGanado _xProducción. _944945 |
| 700 | 1 |
_aCarrera Arriaga, Juan Antonio _9129090 |
|
| 856 |
_a1 _n0001313 |
||
| 856 |
_aFinding aid _uhttp://10.13.5.2/tesis/sist111220.pdf _zTeclea aquí |
||
| 901 | _aBK | ||
| 942 | _cTESIS | ||
| 942 | _n0 | ||
| 999 |
_c107682 _d107682 |
||